|
|
|
|
| LEADER |
01237nam a2200301 a 4500 |
| 001 |
453 |
| 003 |
BD-DhAAL |
| 005 |
20150316122546.0 |
| 008 |
150316s1997 mauab b 001 0 eng |
| 010 |
|
|
|a 96007808
|
| 020 |
|
|
|a 067398091X
|
| 040 |
|
|
|a DLC
|c DLC
|d DLC
|d BD-DhAAL
|
| 050 |
0 |
0 |
|a HD62.4
|b .D47 1997
|
| 082 |
0 |
0 |
|a 658/.049
|2 20
|
| 100 |
1 |
|
|a Deresky, Helen.
|9 9770
|
| 245 |
1 |
0 |
|a International management :
|b managing across borders and cultures /
|c Helen Deresky.
|
| 250 |
|
|
|a 2nd ed.
|
| 260 |
|
|
|a Reading, Mass. :
|b Addison-Wesley,
|c c1997.
|
| 300 |
|
|
|a xx, 631 p. :
|b ill., maps ;
|c 24 cm.
|
| 500 |
|
|
|a Previously published: New York, N.Y. : HarperCollins College Publishers, 1994.
|
| 504 |
|
|
|a Includes bibliographical references and indexes.
|
| 541 |
|
|
|e 453
|
| 650 |
|
0 |
|a International business enterprises
|x Management.
|9 9341
|
| 650 |
|
0 |
|a International business enterprises
|x Management
|x Case studies.
|9 9771
|
| 650 |
|
0 |
|a Industrial management.
|9 9772
|
| 942 |
|
|
|2 ddc
|c BK
|
| 999 |
|
|
|c 34076
|d 34076
|
| 952 |
|
|
|0 0
|1 0
|2 ddc
|4 0
|6 658_000000000000000__049_DER
|7 0
|9 53168
|a SCL
|b SCL
|c GEN
|d 2015-03-16
|g 3108.00
|l 0
|o 658.049 DER
|p 3020000453
|r 2015-03-16
|t 1
|w 2015-03-16
|y BK
|x 'The mentioned price is BDT conversion, actual price was US39.95'
|